| 000 | 01803nam0a2200385 4500 | ||
|---|---|---|---|
| 001 | RU\NLR\BIBL_A\012705407 | ||
| 005 | 20220524144119.0 | ||
| 010 |
_a978-5-9614-7432-9 _91500 |
||
| 021 |
_aRU _bКН-П-21-071331 _9КН-П-21-5651 |
||
| 035 | _a(NLR Aleph) 012705407 | ||
| 035 | _a(RuMoRGB)010839107 | ||
| 090 |
_a12892492 _c12892492 |
||
| 100 | _a20220211d2022 u y0rusy50 ca | ||
| 101 | 0 | _arus | |
| 102 | _aRU | ||
| 105 | _aabc|z|||000zy | ||
| 181 | 0 |
_ai _baxxe |
|
| 182 | 0 | _an | |
| 200 | 1 |
_aХард & софт _eкак создавался российский рынок информационных технологий _fБорис Щербаков |
|
| 203 |
_aТекст _bвизуальный _cнепосредственный |
||
| 210 |
_aМосква _cАльпина Паблишер _d2022 [т.е. 2021] |
||
| 215 |
_a232, [1] с. _cил. _d22 |
||
| 300 | _aКн. фактически изд. в 2021 г. | ||
| 333 | _a12+ | ||
| 606 | 1 |
_aИнформационные технологии _xРынки _yРоссийская Федерация _92514749 _3RU\NLR\AUTH\6601705378 |
|
| 606 | 1 |
_aИнформационные технологии _xПредпринимательство _xИстория _92441441 _3RU\NLR\AUTH\6601670222 |
|
| 610 | 0 | _aрынок IT-технологий | |
| 686 | 1 | _aУ39(2)-17(2Р) | |
| 686 | 1 | _aУ39(2)-13-03(2Р) | |
| 700 | 1 |
_7ca _8rus _aЩербаков _bБ. И. _cпереводчик, экономист, международные корпорации _f1954- _gБорис Иванович _974719 _3RU\NLR\AUTH\7791792 |
|
| 942 | _cBOOK | ||
| 980 | _aNB | ||